Mis-Matched Television Dramas Quiz Stats

 Plays Quiz Updated Nov 28, 2018

Challenge
Share
Tweet
Score 0/20 Timer 02:00
4 Plays Today
% Correct
Boardwalk Abbey
95.2%
Grey's Horror Story
94.9%
Orange & Order
94.6%
Friday Night Thrones
94.2%
Breaking Me
92.4%
The Walking Minds
91.6%
Sons of Interest
91.5%
The West Under
90.8%
House of Things
90.1%
Hill Street Break
86.9%
% Correct
American Peaks
86.1%
Ray Call Saul
85.3%
Penny Legal
83%
Chicago Men
83%
Dark Exposure
76.9%
Blue Sails
76.9%
True Blinders
76.1%
Burn Wheels
76.1%
The Last Fences
73.9%
Breakout Blood
66.2%

You're not logged in!

Compare scores with friends on all Sporcle quizzes.
OR
Log In

You Might Also Like...

Show Comments

Extras

Top Quizzes Today


Score Distribution

Your Account Isn't Verified!

In order to create a playlist on Sporcle, you need to verify the email address you used during registration. Go to your Sporcle Settings to finish the process.

Report this User

Report this user for behavior that violates our Community Guidelines.

Details: